<?xml version="1.0" encoding="UTF-8"?>
<record
    xmlns:xsi="http://www.w3.org/2001/XMLSchema-instance"
    xsi:schemaLocation="http://www.loc.gov/MARC21/slim http://www.loc.gov/standards/marcxml/schema/MARC21slim.xsd"
    xmlns="http://www.loc.gov/MARC21/slim">

  <leader>00510nam a22001337a 4500</leader>
  <controlfield tag="008">150522b        xxu||||| |||| 00| 0 eng d</controlfield>
  <datafield tag="082" ind1=" " ind2=" ">
    <subfield code="a">708</subfield>
    <subfield code="b">D 541a</subfield>
  </datafield>
  <datafield tag="100" ind1=" " ind2=" ">
    <subfield code="a">Duarte, Paulo Sergio</subfield>
    <subfield code="9">2440</subfield>
  </datafield>
  <datafield tag="245" ind1=" " ind2=" ">
    <subfield code="a">Antonio Dias sobre casas, torres, argila e bronze</subfield>
    <subfield code="c">Duarte, Paulo Sergio</subfield>
  </datafield>
  <datafield tag="260" ind1=" " ind2=" ">
    <subfield code="a">Brasil</subfield>
    <subfield code="b">Galeria Luisa Strina</subfield>
    <subfield code="c">2005</subfield>
  </datafield>
  <datafield tag="300" ind1=" " ind2=" ">
    <subfield code="a">48 p.</subfield>
    <subfield code="b">ill. (col)</subfield>
    <subfield code="c">21.5x21.5</subfield>
  </datafield>
  <datafield tag="650" ind1=" " ind2=" ">
    <subfield code="x">Dias, Antonio-1944-Exhibiciones</subfield>
    <subfield code="x">Instalacion-Brazil-Exhibicion</subfield>
    <subfield code="x">Artes-Seculo 20-Brasil</subfield>
    <subfield code="9">2736</subfield>
  </datafield>
  <datafield tag="700" ind1=" " ind2=" ">
    <subfield code="a">Paulo Sergio Duarte</subfield>
    <subfield code="9">2737</subfield>
  </datafield>
  <datafield tag="999" ind1=" " ind2=" ">
    <subfield code="c">611</subfield>
    <subfield code="d">611</subfield>
  </datafield>
  <datafield tag="952" ind1=" " ind2=" ">
    <subfield code="0">0</subfield>
    <subfield code="1">0</subfield>
    <subfield code="2">ddc</subfield>
    <subfield code="4">0</subfield>
    <subfield code="7">0</subfield>
    <subfield code="a">LV</subfield>
    <subfield code="b">LV</subfield>
    <subfield code="c">Monograf&#xED;as</subfield>
    <subfield code="d">2015-05-22</subfield>
    <subfield code="l">0</subfield>
    <subfield code="o">708 D 541a</subfield>
    <subfield code="p">000728</subfield>
    <subfield code="r">2015-05-22 00:00:00</subfield>
    <subfield code="w">2015-05-22</subfield>
    <subfield code="y">01</subfield>
  </datafield>
</record>
